| 000 | 00000nas##2200000za#4500 |
| 001 | 9.513974 |
| 003 | CaOODSP |
| 005 | 20200818140110 |
| 007 | ta |
| 008 | 150406c1977||||xxc|| p #||||f| |0fre|d |
| 022 | |a0704-5417 |
| 040 | |aCaOODSP|bfre |
| 043 | |an-cn--- |
| 086 | 1 |aFs151-10F |
| 110 | 2 |aGarde côtière canadienne. |
| 245 | 10|aLivre des feux, des bouées et des signaux de brume, côte du Pacifique y compris les eaux côtières, rivières et lacs de la Colombie-Britannique / |cPublié par Services maritimes. |
| 246 | 3 |aLivre des feux, des bouées et des signaux de brume. Côte du Pacifique |
| 260 | |aOttawa - Ontario : |bPêches et Océans Canada. |
| 310 | |aIrrégulier |
| 362 | 1 |a1977-- |
| 520 | 3 |aIndique le nom, la position, les caractéristiques du feu, la hauteur focale en mètres au-dessus de l’eau, la portée nominale, la description et la hauteur en mètres au-dessus du sol pour les feux, les bouées et les signaux de brume de la côte du Pacifique, y compris les rivières et les lacs de la Colombie-Britannique. |
| 691 | 07|aSystème d'aide à la navigation|2gcpds |
| 775 | 08|tLights, buoys and fog signals, Pacific coast, including the coastal waters, rivers and lakes of British Columbia / |w(CaOODSP)9.515652 |
| 776 | 0#|tLivre des feux, des bouées et des signaux de brume, côte du Pacifique y compris les eaux côtières, rivières et lacs de la Colombie-Britannique |w(CaOODSP)9.502289 |